Central Library OPAC University of Rajshahi

Environmental physiology of animals / (Record no. 69155)

MARC details
000 -LEADER
fixed length control field 00933nam a2200301 a 4500
001 - CONTROL NUMBER
control field 69155
003 - CONTROL NUMBER IDENTIFIER
rucl marc code BD-RjUL
005 - DATE AND TIME OF LATEST TRANSACTION
control field 20211209081844.0
008 - FIXED-LENGTH DATA ELEMENTS--GENERAL INFORMATION
fixed length control field 17 s2000 maua 001 0 eng d
020 ## - INTERNATIONAL STANDARD BOOK NUMBER
International Standard Book Number 063203517X
035 ## - SYSTEM CONTROL NUMBER
System control number (BD-RjUL)
040 ## - CATALOGING SOURCE
Original cataloging agency DLC
Transcribing agency DLC
Modifying agency DLC
-- (BD-RjUL)
Language of cataloging eng
041 ## - LANGUAGE CODE
Language code of text/sound track or separate title eng
082 00 - DEWEY DECIMAL CLASSIFICATION NUMBER
Classification number 571.1
Edition number 23
Author mark and year WIE 2000
100 1# - MAIN ENTRY--PERSONAL NAME
Personal name Willmer, Pat,
Dates associated with a name 1953-
9 (RLIN) 204883
245 10 - TITLE STATEMENT
Title Environmental physiology of animals /
Statement of responsibility, etc. Pat Willmer, Graham Stone, Ian Johnston.
260 ## - PUBLICATION, DISTRIBUTION, ETC. (IMPRINT)
Place of publication, distribution, etc. Malden, MA :
Name of publisher, distributor, etc. Blackwell Science,
Date of publication, distribution, etc. c2000.
300 ## - PHYSICAL DESCRIPTION
Pagination x, 644 p. :
Illustrations ill. ;
Size 28 cm.
500 ## - GENERAL NOTE
General note Includes Index
504 ## - BIBLIOGRAPHY, ETC. NOTE
Bibliography, etc Includes bibliographical references and index.
650 #0 - SUBJECT ADDED ENTRY--TOPICAL TERM
Topical term or geographic name as entry element Adaptation (Physiology)
9 (RLIN) 204884
Topical term or geographic name as entry element Physiology, Comparative.
9 (RLIN) 204885
Topical term or geographic name as entry element Ecophysiology.
9 (RLIN) 204886
700 1# - ADDED ENTRY--PERSONAL NAME
Personal name Stone, G.
Personal name Johnston, Ian A.
942 ## - ADDED ENTRY ELEMENTS (KOHA)
Source of classification or shelving scheme Dewey Decimal Classification
Koha item type Books
Holdings
Lost status Source of classification or shelving scheme Damaged status Not for loan Collection code Permanent Location Current Location Shelving location Date acquired Source of acquisition Total Checkouts Full call number Date last seen Copy number Koha item type Cost, normal purchase price
  Dewey Decimal Classification   Not For Loan Non-fiction Central Library, University of Rajshahi Central Library, University of Rajshahi Reading Room 20/09/2008 Paragon Enterprise,Ltd   571.1 WIE 2000 10/04/2017 C-1 Books  
  Dewey Decimal Classification     Non-fiction Central Library, University of Rajshahi Central Library, University of Rajshahi   15/03/2009 Dhaka, Paragan Enterprises ltd.   571.1 WIE 2000 20/05/2017 C-2 Books 83.95